000 00475nam a22001577a 4500
008 150703b xxu||||| |||| 00| 0 eng d
020 _a42143908
082 _a346.024 KEA
100 _aKeating, Donald
245 _aLaw and practice of building contracts /
_cDonald Keating
250 _a3rd ed.
260 _aLondon :
_bSweet and Maxwell,
_cc1969 .
300 _alxiii, 558p. :
_bill. ;
_c23cm.
500 _aincludes index, Glosary and appendix
942 _2ddc
_cBK
999 _c7308
_d7308